| 000 | 01007nam a2200325 a 4500 | ||
|---|---|---|---|
| 999 |
_c5727 _d5727 |
||
| 001 | 011085161 | ||
| 003 | UkOxU | ||
| 005 | 20220616074757.0 | ||
| 008 | 941026s1994 stka 001 0 eng d | ||
| 015 | _aGB-9001332 | ||
| 020 | _a 0729537528 | ||
| 020 | _a9780729537520 | ||
| 020 | _a 044304662X | ||
| 040 | _cALUPE UNIVERSITY | ||
| 050 |
_aQM531 _b.L378 1994 |
||
| 092 | _aD0501948371 | ||
| 100 | 1 |
_aLast, R. J. _q(Raymond Jack) |
|
| 245 | 1 | 0 |
_aLast's Anatomy : _bregional and applied |
| 250 | _a9th ed. / edited by R.M.H. McMinn | ||
| 260 |
_aEdinburgh : _bChurchill Livingstone, _c1994 |
||
| 300 |
_avi, 705 p. : _bill. ; _c25 cm |
||
| 504 | _aIncludes bibliographical references and index | ||
| 650 | 0 | _aHuman anatomy | |
| 650 | 0 | _aAnatomy, Surgical and topographical | |
| 700 | 1 |
_aMcMinn, R. M. H. _q(Robert Matthew Hay) |
|
| 942 |
_2lcc _cBK _nJO |
||